45 amalan menempah tiket ke syurga

Bibliographic Details
Main Author: Firdaus Shahidin , 1988-
Other Authors: Syed Abdul Razaq Syed Isa , 1967-
Format: Book
Published: Batu Caves : Must Read Sdn Bhd , 2013
Subjects:

MARC

LEADER 00000cam a2200000 7i4500
001 0000200083
005 20160104.0
020 |a 9789670392653 
090 0 0 |a 297.57   |b FIR 
100 0 |a Firdaus Shahidin ,   |d 1988- 
245 1 0 |a 45 amalan menempah tiket ke syurga   |c Firdaus Shahidin, Syed Abdul Razaq Syed Isa 
260 |a Batu Caves :   |b Must Read Sdn Bhd ,   |c 2013 
300 |a 115p. ;   |c 23cm. 
650 0 |a Muslims   |x Conduct of life 
650 0 |a Religious life   |x Islam 
700 0 |a Syed Abdul Razaq Syed Isa ,   |d 1967- 
999 |a 00315179   |b BUKU   |c PINJAMAN   |e PERPUSTAKAAN KOMUNITI PETALING JAYA 
999 |a 00315180   |b BUKU   |c PINJAMAN   |e PERPUSTAKAAN KOMUNITI CAW KOTA DAMANSARA